| 000 | nam a22 7a 4500 | ||
|---|---|---|---|
| 999 |
_c128514 _d128514 |
||
| 008 | 181108b xxu||||| |||| 00| 0 eng d | ||
| 050 | _aBX1682.Z5 M678 | ||
| 100 |
_aCatholic Commission for justice and peace _924590 |
||
| 245 |
_aMission possible opening minds for meaningful reconciliation _bA report on the desturbances in the archdiocese _ccatholic commision for justice and peae |
||
| 260 |
_aHarare: _bCCJP, _c2010. |
||
| 300 |
_aiv,68p.; _c21cm. |
||
| 650 |
_aHarare archiocese (Zimbabwe) _xpolitics _943285 |
||
| 942 |
_2lcc _cMONOGRAPH |
||